‫محمد علي باشا : (Record no. 25024)

MARC details
000 -الفاتح
حقل البيانات ثابتة الطول 01358nam a2200361 i 4500
003 - محدد رقم الضبط
رقم الضبط EG-ScBUE
005 - وقت وتاريخ اخر تعامل مع التسجيلة
رقم الضبط 20231218121532.0
008 - عناصر البيانات ثابتة الطول - معلومات عامة
حقل البيانات ثابتة الطول 170711s2011 ua bo f b 000 0bara d
017 ## - رقم الإيداع القانونى
رقم الإيداع القانونى 2010 / 17653
020 ## - الرقم الدولى المعيارى للكتب
الرقم الدولى المعيارى للكتاب 9772088568
040 ## - مصدر الفهرسة
وكالة الفهرسة الأصلية EG-ScBUE
لغة الفهرسة ara
قواعد الوصف rda
وكالة التعديل EG-ScBUE
وكالة النسخ EG-ScBUE
043 ## - رمز المنطقة الجغرافية
رمز المنطقة الجغرافية f-ua---
082 04 - رقم تصنيف ديوى العشرى
رقم التصنيف 962.03
رقم المادة غ ب و
رقم الطبعة 22
100 1# - المدخل الرئيسى - إسم شخصى
الإسم الشخصى غبور، منير،
الدور مؤلف.
245 10 - بيان العنوان
العنوان ‫محمد علي باشا :
بقية العنوان عودة الذاكرة المصرية /
بيان المسئوليه,etc تأليف منير غبور، أحمد عثمان.
250 ## - بيان الطبعة
بيان الطبعة الطبعة الأولى.
264 #1 - النشر، التوزيع
مكان الناشر او الموزع القاهرة :
اسم الناشر او الموزع مكتبة مدبولي،
تاريخ النشر أو التوزيع 2011.
300 ## - الوصف المادى
التعداد 178 صفحة :
تفاصيل ماديه اخرى للوعاء خرائط، صور (بعضها ملونة) ؛
أبعاد الوعاء 24 سم.
336 ## - نوع المحتوى
source rdacontent
Carrier Type Term نص
Content Type Code txt
337 ## - نوع الوسيط
Media Type Term بدون وسيط
source rdamedia
Media Type Code n
338 ## - نوع الحامل أو الناقل
Carrier Type Term مجلد
Carrier Type Code nc
source rdacarrier
490 0# - بيان السلسلة
عنوان السلسلة صفحات من تاريخ مصر ؛
رقم المجلد/ التعيين التسلسلي 60
500 ## - تبصرة عامة
تبصرة عامة يشتمل على ملحق صور.
504 ## - تبصرة ببليوجرافية
تبصرة ببليوجرافية,الخ يشتمل على إرجاعات ببليوجرافية.
590 ## - تبصرة محلية(RLIN)
تبصرة محلية سامح
600 07 - المدخل الاضافى بالموضوع-اسم شخصى
الإسم الشخصى محمد علي،
العنوان والكلمات الأخرى المصاحبة للاسم باشا،
التقسيم الفرعي الزمني 1769-1849.
مصدر الرأس أو المصطلح BUEsh
650 ## - المدخل الاضافى بالموضوع-مصطلح موضوعى
مصدر الرأس أو المصطلح BUEsh
651 #7 - المدخل الاضافى بالموضوع - اسم جغرافى
الاسم الجغرافي مصر
التقسيم الفرعي العام تاريخ
التقسيم الفرعي الزمني محمد علي، 1805-1849.
مصدر الرأس أو المصطلح BUEsh
653 ## - مصطلح تكشيفى غير مقيد
Resource For college Generalities
-- BAEPS, Political Science
Arrived date list July2017
655 ## - مصطلح تكشيفى-نوع/شكل
التقسيم الفرعي الشكلي Reading book
700 1# - المدخل الاضافى - اسم شخصى
الإسم الشخصى عثمان، أحمد،
الدور مؤلف.
9 (RLIN) 20605
942 ## - عناصر المدخل الإضافي( كوها)
مصدر التصنيف او مخطط الترفيف Dewey Decimal Classification
Holdings
حالة التراجع حالة الفقد مصدر التصنيف او خطة الترفيف حالة تلف ليس للاعارة مجموعات كوها المكان الدائم المكان الحالي موقع الترفيف تاريخ الاكتساب Source of acquisition تعداد مسلسل / التسلسل الزمني رقم الاستدعاء الباركود Date last seen نوع الوعاء
    Dewey Decimal Classification     Madboly Central Library Central Library Second Floor 11/07/2017 Purchase 04183 962.03 غ ب و 000034268 15/07/2025 Book - Borrowing